Encantos do Rio /

Gespeichert in:
Bibliographische Detailangaben
1. Verfasser: Pinheiro, Eliane Canedo de Freitas
Format: Unbekannt
Sprache:Portuguese
Veröffentlicht: Rio de Janeiro, RJ : Editora Salamandra, 1995.
Schlagworte:
Tags: Tag hinzufügen
Keine Tags, Fügen Sie den ersten Tag hinzu!

MARC

LEADER 000000000a22000000004500
001 014063
020 |a 8528101304 
041 0 |a por 
082 0 4 |a 981.53   |b F866e 
100 1 |a Pinheiro, Eliane Canedo de Freitas 
245 1 0 |a Encantos do Rio /   |c Eliane Canedo de Freitas Pinheiro. 
260 1 |a Rio de Janeiro, RJ :   |b Editora Salamandra,   |c 1995. 
300 |a 207 páginas :   |b ilustraciones (algunas a color) ;   |c 31 cm. 
650 4 |a RIO DE JANEIRO 
650 4 |a DESCRIPCIONES Y VIAJES 
650 4 |a TRABAJO PICTORICO 
500 |a Colección George Yúdice 
999 |c 19962  |d 19962 
942 |c BK  |h 981.53 F866e  |2 z